000 01059nam0a22002531 4500
001 rc\386416
005 20260407121559.0
035 _a(NLR Aleph) 005636567
090 _a6623791
_c6623791
100 _a20030616d1989 |||y0rusy50 ca
101 0 _arus
102 _aRU
105 _ay |||||||||
200 1 _aНовые подходы к решению дифференциальных уравнений
_eВторая всесоюз. конф. (30 мая - 1 июня 1989 г., г. Дрогобыч)
_eТез. докл.
210 _aМ.
_cВЦ АН СССР
_d1989
215 _a172 с.
_d22
300 _aВ надзаг.: ВЦ АН СССР, Ин-т прикл. пробл. механики и математики АН УССР, Дрогобыч. пед. ин-т им. И. Франко
320 _aИмен. указ.: с. 169-172
712 0 2 _aАН СССР
_bВычислительный центр
_9407850
_3RU\NLR\AUTH\889955864
801 0 _aRU
_bNLR
_gpsbo
801 1 _aRU
_bELAR
_2rusmarc
852 _aNLR
_j89-5/2766
942 _cBOOK
980 _aNB